| 000 | 00748nam a22002297a 4500 | ||
|---|---|---|---|
| 999 |
_c3555 _d3555 |
||
| 001 | 3555 | ||
| 003 | BD-JhCC | ||
| 005 | 20211124134022.0 | ||
| 008 | 171114s2013 ii |||| |||| 000 0 ben d | ||
| 020 | _a9788129518279 | ||
| 035 | _a(BD-JhCC)3555 | ||
| 040 |
_aBD-JhCC _dBD-JhCC |
||
| 041 | _aben | ||
| 082 |
_a891.4415 _bRAH 2013 |
||
| 100 | _aরাহমান , শামসুর | ||
| 245 |
_aশামসুর রাহমানের শ্রেষ্ঠ কবিতা / _cশামসুর রাহমান |
||
| 260 |
_aকলকাতা : _bদে'জ পাবলিশিং, _c২০১৩. |
||
| 300 |
_a২৩০ প. : _c২২ সেমি. |
||
| 650 | _aCollection of poetry | ||
| 942 |
_2ddc _cBK _02 |
||